01220nam a2200241 a 4500008004100000020001500041050001600056100002300072245003700095250001200132260005700144300002300201350000900224500011500233650000900348650003300357650002300390995015000413995015000563999001700713952012400730952012400854120416s1992 ||||||||||||||||| || u a0582023998 aHD 1387 Dav aDavidson, Donald A14aThe evaluation of land resources a2nd ed. aNew YorkbLongman Scientific & Technical Wileyc1992 aviii, 198p. : ill. a0.00 aRev. ed. of: Soils and land use planning. 1980. -Includes bibliographical references (p. [171]-191) and index. aLAND aNATURAL RESOURCES--VALUATION aLAND USE--PLANNING aANNEX COLLECTION (Main Library)D0.00e727036FCBU-MAIN LIBRARY (Kitwe)H1I18.99jHD 1387 DavM1UAVAILABLEy018385ZAnnex Low-Usage Collection  aANNEX COLLECTION (Main Library)D0.00e727035FCBU-MAIN LIBRARY (Kitwe)H2I18.99jHD 1387 DavM2UAVAILABLEy018386ZAnnex Low-Usage Collection  c62895d62895 00102lcc4070a001b001cAnnex Low-Usage Collection d2022-12-16l0oHD 1387 Davp018385r2022-12-16w2022-12-16y002 00102lcc4070a001b001cAnnex Low-Usage Collection d2022-12-16l0oHD 1387 Davp018386r2022-12-16w2022-12-16y002